| 000 | 00504nam a22001817a 4500 | ||
|---|---|---|---|
| 005 | 20230707074059.0 | ||
| 008 | 230504b |||||||| |||| 00| 0 eng d | ||
| 020 | _a9789492510907 | ||
| 040 |
_aCBULib _cCBULib |
||
| 041 | _aeng | ||
| 050 | _aGV 1446 Mor | ||
| 100 | _aMoranda, Wojciech | ||
| 245 |
_aUniversal chess training _c/ by Wojciech Moranda |
||
| 260 |
_aBelgium, _bThinkers Publishing, _c2020 |
||
| 300 | _a352 pages : illustrations | ||
| 650 |
_2Library of Congress _aCHESS |
||
| 942 | _c002 | ||
| 999 |
_c78267 _d78267 |
||